LEADER 00771nam0-2200265 --450 001 9910230058803321 005 20171205115354.0 010 $a0070535272 100 $a20171205d1976----km y0itay50 ba 101 0 $aeng 102 $aUS 105 $aa 001yy 200 1 $aMathematical elements for computer graphics$fDavid F. Rogers, J. Alan Adams 210 $aNew York [etc]$cMcGraw Hill$dc1976 215 $aXI, 239 p.$cill.$d24 cm 676 $a621.38153$v19 700 1$aRogers,$bDavid F.$013895 701 1$aAdams,$bJames Alan$013894 801 0$aIT$bUNINA$gREICAT$2UNIMARC 901 $aBK 912 $a9910230058803321 952 $aII 126$b3502$fDINED 959 $aDINED 996 $aMathematical elements for computer graphics$952239 997 $aUNINA LEADER 01131nam0 22002771i 450 001 UON00043700 005 20231205102157.83 010 $a09-19-81201-5 100 $a20020107d1974 |0itac50 ba 101 $afre 102 $aCA 105 $a|||| 1|||| 200 1 $aˆLa ‰Langue de Ya'udi$edescription et classement de l'ancien parler de Zencirli dans le cadre langues sémitiques du Nord-ouest$fpar Paul-Eugène Dion 210 $aWaterloo$cEdition SR$d1974 215 $aVII, 505 p.$d22 cm 606 $aLINGUE SEMITICHE$xDialetti Nord-Occidentali$3UONC013772$2FI 620 $aCA$dWaterloo (Ontario)$3UONL002450 686 $aSIPA II$cSIRIA E PALESTINA - LINGUISTICA$2A 700 1$aDION$bPaul-Eugène$3UONV027712$0648818 712 $aEdition SR$3UONV252852$4650 801 $aIT$bSOL$c20240220$gRICA 899 $aSIBA - SISTEMA BIBLIOTECARIO DI ATENEO$2UONSI 912 $aUON00043700 950 $aSIBA - SISTEMA BIBLIOTECARIO DI ATENEO$dSI SIPA II 004 $eSI SEM1870 5 004 996 $aLangue de Ya'udi$91157835 997 $aUNIOR LEADER 06972nam 22007935 450 001 9910886994203321 005 20250730140257.0 010 $a9783031712913 010 $a3031712919 024 7 $a10.1007/978-3-031-71291-3 035 $a(MiAaPQ)EBC31652779 035 $a(Au-PeEL)EBL31652779 035 $a(CKB)34909802900041 035 $a(DE-He213)978-3-031-71291-3 035 $a(EXLCZ)9934909802900041 100 $a20240909d2024 u| 0 101 0 $aeng 135 $aurcnu|||||||| 181 $ctxt$2rdacontent 182 $cc$2rdamedia 183 $acr$2rdacarrier 200 10$aDiagrammatic Representation and Inference $e14th International Conference, Diagrams 2024, Münster, Germany, September 27 ? October 1, 2024, Proceedings /$fedited by Jens Lemanski, Mikkel Willum Johansen, Emmanuel Manalo, Petrucio Viana, Reetu Bhattacharjee, Richard Burns 205 $a1st ed. 2024. 210 1$aCham :$cSpringer Nature Switzerland :$cImprint: Springer,$d2024. 215 $a1 online resource (497 pages) 225 1 $aLecture Notes in Artificial Intelligence,$x2945-9141 ;$v14981 311 08$a9783031712906 311 08$a3031712900 320 $aIncludes bibliographical references and index. 327 $a -- Keynote Talks. -- How can we make trustworthy AI?. -- A dialogical account of diagrams in mathematical proofs. -- Where Diagrams Come From. -- Analysis of Diagrams. -- Diagrams and their role in economics as problem-solving devices and knowledge-improving tools. The case of the Phillip Machine. -- Why Feynman Diagrams Are Worth 10,000 formulas: A Representational Epistemic Analysis. -- 12 questions, 19 visual encoding techniques, and 101 types of visualization ? each described by a systematically generated sentence. -- Domain-Specific Rules Override Aesthetic Graph Drawing Criteria: An Exploration of User-Generated Diagrams. -- Generating Qualitative Descriptions of Diagrams with a Transformer-based Language Model. -- Diagram Control and Model Order for Sugiyama Layouts. -- B42: the Geometry of 4-Valued Contradiction. -- A Way Diagrams Explain: Analysis Based on Consequence Matching. -- Euler Diagrams, Aristotelian Diagrams and Syllogistics. -- What Does it Mean that Diagrams Represent Constructions?. -- The Topology of Assertion: A Diagrammatic Rationale for Our Enduring Love of Truth. -- Schopenhauer's Sorites Diagram. -- Category Theory for Aristotelian Diagrams: The Debate on Singular Propositions. -- Euler and Venn Diagrams. -- Rectangular Euler Diagrams and Order Theory. -- Reference by Occurrence. -- EulerMerge: Simplifying Euler Diagrams Through Set Merges. -- Representing uncertainty with expanded Ueberweg diagrams. -- Indeterminate set space diagrams. -- Can Euler Diagrams Improve Syllogistic Reasoning in Large Language Models?. -- Diagrams in Logic. -- Mozi's Square of Opposition and Logemes as New Logical Approach. -- Implicational Existential Graphs. -- Aristotelian Diagrams as Logic Diagrams. -- Sentence Negation and Term Negation as Syntactic Operations in Diagram Logic. -- Playing Games with Diagrams: Truth Diagrams and Game Semantics. -- Peirce?s extended Euler diagrams and the system Atl based on Ladd-Franklin?s exclusion relations. -- Diagrams and Applications. -- Anxiety Moderates the Effects of Drawing Support on Drawing Accuracy in Mathematical Modeling. -- Learning magnitude of energy consumption with symbolic or iconic representations. -- Designing a Mind-Mapping-Assisted Comparative Literature Course in Chinese Academic Settings. -- Integration of Learning Through the Use of Self-Constructed Diagrams: Opportunities and Challenges. -- Chinese Children? Drawing in Science Class. -- Diagram Tools. -- Hoop Diagrams: A Set Visualization Method. -- Building a large dataset of human-generated captions for science diagrams. -- KIELER: A Text-First Framework for Automatic Diagramming of Complex Systems. -- Historical Aspects of Diagrams. -- Drawing Technology: Sketches of Isambard Kingdom Brunel. -- On the Expressivity of Byzantine Diagrams in Logic. -- Posters. -- An Innovative Approach to Diagrams Representation: The Marlo Diagrams Web Page. -- Codifying Visual Representations. -- A diagram helping the mathematical problem solving procedure. -- Collaborative Graph-Document Composition Is Easy and Enhances Critical-Thinking Skills without Extra Cost. -- An eye-tracking study on the effects of using highlighted multi-attribute tables: A preliminary report. -- Spoiled Games: Mimesis & Phenomenology. -- The Region Connection Calculus, Euler Diagrams and Aristotelian Diagrams. -- Between pro/con-lists and argument graphs: Finding the right level of complexity in argumentation representation. -- Diagrammatic analogical reasoning. 330 $aThis book constitutes the refereed proceedings of the 14th International Conference on the Theory and Application of Diagrams, Diagrams 2024, held in Münster, Germany, during September 27?October 1, 2024. The 17 full papers, 19 short papers and 11 papers of other types included in this book were carefully reviewed and selected from 69 submissions. They were organized in topical sections as follows: Keynote Talks; Analysis of Diagrams; Euler and Venn Diagrams; Diagrams in Logic; Diagrams and Applications; Diagram Tools; Historical Aspects of Diagrams; and Posters. 410 0$aLecture Notes in Artificial Intelligence,$x2945-9141 ;$v14981 606 $aArtificial intelligence 606 $aUser interfaces (Computer systems) 606 $aHuman-computer interaction 606 $aData structures (Computer science) 606 $aInformation theory 606 $aComputer programming 606 $aCompilers (Computer programs) 606 $aComputer science 606 $aArtificial Intelligence 606 $aUser Interfaces and Human Computer Interaction 606 $aData Structures and Information Theory 606 $aProgramming Techniques 606 $aCompilers and Interpreters 606 $aTheory of Computation 615 0$aArtificial intelligence. 615 0$aUser interfaces (Computer systems) 615 0$aHuman-computer interaction. 615 0$aData structures (Computer science) 615 0$aInformation theory. 615 0$aComputer programming. 615 0$aCompilers (Computer programs) 615 0$aComputer science. 615 14$aArtificial Intelligence. 615 24$aUser Interfaces and Human Computer Interaction. 615 24$aData Structures and Information Theory. 615 24$aProgramming Techniques. 615 24$aCompilers and Interpreters. 615 24$aTheory of Computation. 676 $a006.6 702 $aLemanski$b Jens 801 0$bMiAaPQ 801 1$bMiAaPQ 801 2$bMiAaPQ 906 $aBOOK 912 $a9910886994203321 996 $aDiagrammatic Representation and Inference$9772658 997 $aUNINA LEADER 06717nam 2200613 a 450 001 9910964892903321 005 20251116181710.0 010 $a1-61324-909-8 035 $a(CKB)2550000001042225 035 $a(EBL)3019731 035 $a(SSID)ssj0000854413 035 $a(PQKBManifestationID)12326542 035 $a(PQKBTitleCode)TC0000854413 035 $a(PQKBWorkID)10903010 035 $a(PQKB)10944794 035 $a(MiAaPQ)EBC3019731 035 $a(Au-PeEL)EBL3019731 035 $a(CaPaEBR)ebr10671296 035 $a(OCoLC)847626733 035 $a(BIP)38493497 035 $a(BIP)34483357 035 $a(EXLCZ)992550000001042225 100 $a20110621d2012 uy 0 101 0 $aeng 135 $aur|n|---||||| 181 $ctxt 182 $cc 183 $acr 200 00$aDiamond-like carbon films /$fYuto S. Tanaka, editor 205 $a1st ed. 210 $aHauppauge, N.Y. $cNova Science Publishers$dc2012 215 $a1 online resource (219 p.) 225 1 $aMaterials science and technologies 300 $aDescription based upon print version of record. 311 08$a1-61324-791-5 320 $aIncludes bibliographical references and index. 327 $aIntro -- DIAMOND-LIKE CARBON FILMS -- DIAMOND-LIKE CARBON FILMS -- Contents -- Preface -- Advanced Pulsed Arc Technique of Fabrication of DLC Films and Their Technical and Medical Applications -- 1. Design and Operating Principles of the Pulsed Plasma Source -- The Main Result of the DLC Film Deposition by Pulsed Arc Technique -- 2. Plasma Separation -- 3. Spectroscopic and Probe Diagnostics of Carbon Plasma -- 4. A Novel Combined PVD-CVD Method of DLC Film Depositing -- References -- Peculiarities of Ion-Beam Synthesis of Carbon-Based Phases -- Abstract -- 1. Introduction -- 2. The Principle of Structural Compliance at Phase Transformation under Ion Irradiation -- 3. Experimental Evidences of the Principle of Structural Compliance at Ion Synthesis of Carbon-Rich or other Bulk Phases -- 3.1. Carbon Phase with the Face-Centered Cubic Structure Formed under Irradiation of Graphite Films -- 3.2. Ion Synthesis of Silicon Carbide by Carbon Implantation in Si -- 3.3. Ion Synthesis of Al4C3, AlN and AlB Phases -- 4. Carbon and Carbon-Rich Nanophases -- Conclusion -- Acknowledgments -- References -- Electron Field Emission Properties of Nonmetal and Metal Doped Diamond Like Carbon -- 1. Abstruct -- 2. Introduction -- 2.1. Diamond Like Carbon (DLC) as a Material -- 2.2. Structure of DLC -- 2.3. Why also there is Interest in DLC -- 2.4. Difficulties of Pure DLC Material and how to over Come the Problems -- 3. Basic Theory of Electron Field Emission -- 4. Field Emission of DLC Thin Films -- 5. Synthesis and Field Emission of Metal and Nonmetal Doped DLC Thin Films -- 5.1. Synthesis and Electron Field Emission Property of Silicon Incorporated DLC (Si-DLC) Thin Films -- 5.2. Synthesis and Field Emission Property of Ag-DLC Thin Films -- 5.3. Synthesis and Study the Field Emission of Fluorine Doped (F-DLC) Thin Films -- Conclusion -- References. 327 $aInternal Stress of Hydrogenated Diamond-Like Carbon Films -- Abstract -- 1. Internal Stress of Diamond-Like Carbon (DLC) Thin Film -- 1.1. Origin of the Internal Stress -- 1.2. Reduction in the Internal Stress -- 2. Internal Stress of DLC Thin Films Deposited by EBEP-CVD -- 2.1. EBEP-CVD System -- 2.2. Correlation between Deposition Parameters and Film Properties [32] -- 2.3. Correlations between Internal Stresses and Structural Properties [32] -- 2.4. Internal Stress Reduction by Silicon Incorporation [44] -- References -- Diamond-Like Carbon Films Improve their Properties with the Incorporation of Crystalline Diamond Particles -- Abstract -- Introduction -- Tribocorrosion -- Diamond-Like Carbon (DLC) -- Nanoparticle-Incorporated DLC Films -- The Synthesis Procedure of Crystalline Diamond-Incorporated DLC Films -- CD-DLC Film Characterization -- Electrochemical Tests -- Tribocorrosion -- Conclusion -- Acknowledgments -- References -- DLC Thin Films Growth in Thermionic Vacuum Arc Technologies: TVA and GTVA -- Abstract -- Introduction -- Experimental details -- Electrodes Configuration -- Results and Discussion -- Conclusions -- Acknowledgments -- References -- Hard Cr-Containing Diamond-Like Carbon Films in Mid-Frequency Dual-Magnetron Sputtering -- Abstract -- Section 1: Hard and Superhard Cr-Containing -- Diamond-Like Carbon Films -- 1. Introduction -- 2. Experimental Details -- 3. Results -- 4. Conclusion -- Section 2: Cr-Doped DLC Films in Three Mid-Frequency Magnetron Power Modes -- 1. Introduction -- 2. Experimental Details -- 3. Results -- 4. Conclusion -- Section 3: Preparation and Properties of -- Thick DLC Film -- 1. Introduction -- 2. Experimental Details -- 3. Results -- 4. Conclusion -- Section 4: Influence of Cr Content and Nanograin Size on Microstructure, Mechanical and Sliding Tribological Behavior of Hard Cr-DLC Films. 327 $a1. Introduction -- 2. Experimental Details -- 3. Results -- 4. Conclusion -- References -- A Diamond-Like Carbon Film Applied as an Alignment Layer for LCDs -- Abstract -- 1. Introduction -- 2. DLC Films Using Ion Beam or UV Light Non-Contact Alignment Process -- 2.1. Experiment -- 2.2. Results and Discussion -- 2.2.1. PECVD and Sputtered DLC Films -- 2.2.2. UV Photo-Alignment -- 2.2.3. Ion beam alignment -- 3. Novel DLC Films without Any Alignment Process -- 3.1. Experiments -- 3.2. Results and Discussion -- 3.2.1.Optical Characteristics -- 3.2.2. Electro-Optical Characteristics -- 3.2.3. DLC Film Conditions -- 3.2.4. LC Adsorbability to the DLC Film -- 4. Summary -- Acknowledgment -- References -- Index. 330 $aThis book presents current research from across the globe in the study of diamond-like carbon films. Topics discussed include the peculiarities of ion-beam synthesis of carbon-based phases; electron field emission properties of non-metal and metal doped diamond like carbon; internal stress and its reduction of hydrogenated diamond-like carbon thin films deposited by plasma CVD methods; incorporating crystalline diamond particles in diamond-like carbon films to improve their properties and diamond-like carbon films applied as an alignment layer for LCDs. 410 0$aMaterials science and technologies. 606 $aDiamonds, Artificial 606 $aDiamond thin films 615 0$aDiamonds, Artificial. 615 0$aDiamond thin films. 676 $a667/.9 701 $aTanaka$b Yuto S$01865537 801 0$bMiAaPQ 801 1$bMiAaPQ 801 2$bMiAaPQ 906 $aBOOK 912 $a9910964892903321 996 $aDiamond-like carbon films$94472658 997 $aUNINA